Normal view
MARC view
Entry Personal Name
001 - CONTROL NUMBER
- control field: 158137
003 - CONTROL NUMBER IDENTIFIER
- control field: OSt
005 - DATE AND TIME OF LATEST TRANSACTION
- control field: 20220923211106.0
008 - FIXED-LENGTH DATA ELEMENTS
- fixed length control field: 220923|| aca||aabn | a|a d
040 ## - CATALOGING SOURCE
- Original cataloging agency: OSt
- Transcribing agency: OSt
100 ## - HEADING--PERSONAL NAME
- Personal name: मान, नीलम
670 ## - SOURCE DATA FOUND
- Source citation: Work cat.: (OSt)295132: मान, नीलम, अनुवाद का मानक स्वरूप, 2005
